000 00227 a2200097 4500
001 40787
100 _aBlake, Bernard
245 _aJane's Weapon System 1988-89
260 _aLondon
_bJane's Year Book
_c
090 _c25054
_d25054
942 _aNUST-CAE
_cM
_c16730
999 _c275860
_d275860